header

Separating pro-environment technologies for waste treatment, soil and sediments semediation (Record no. 44449)

MARC details
000 -LEADER
fixed length control field 01226nam a2200301Ia 4500
245 00 - TITLE STATEMENT
Title Separating pro-environment technologies for waste treatment, soil and sediments semediation
260 ## - PUBLICATION, DISTRIBUTION, ETC. (IMPRINT)
Place of publication Sharjah :
Name of publisher Bentham Science Publishers,
Year of publication 2013.
300 ## - PHYSICAL DESCRIPTION
Number of Pages 1 v.
650 #0 - SUBJECT ADDED ENTRY--TOPICAL TERM
Topical Term Refuse and refuse disposal.
Topical Term Soil remediation.
700 1# - ADDED ENTRY--PERSONAL NAME
Personal name Gente, Vincenzo.
Personal name La Marca, Floriana.
856 40 - ELECTRONIC LOCATION AND ACCESS
Uniform Resource Identifier http://site.ebrary.com/lib/rucke/Doc?id=10643177

No items available.

© 2026 Rongo University
Contact us: librarian | system librarian | Rongo university